| 000 | 00737nam a2200265Ia 4500 | ||
|---|---|---|---|
| 003 | OSt | ||
| 005 | 20220925223321.0 | ||
| 006 | a|||||r|||| 00| 0 | ||
| 007 | ta | ||
| 008 | 220923b |||||||| |||| 00| 0 eng d | ||
| 020 | _a0415114594 | ||
| 037 | _cGeneral Book | ||
| 040 |
_aRTL _cRTL _beng |
||
| 041 |
_2eng _aeng |
||
| 082 | _aY38, N8 | ||
| 100 | _aMcCrone David | ||
| 245 | 0 |
_aSociology of nationalism _b Tommorrow's ancetsors |
|
| 260 |
_aLondon _bRoutledge _c1998 |
||
| 300 |
_aix, ,207p _ccm. |
||
| 490 | _aInternational Library of Sociology | ||
| 500 | _aBibliography: p 188-98 | ||
| 650 | _aNationalism Sociology | ||
| 942 |
_hY38, N8 _cGB _2CC |
||
| 999 |
_c579250 _d579250 |
||